000 01145cam a2200265 i 4500
003 OSt
005 20251005120005.0
008 250925s2013 xxk f 000 0 ara c
020 _a9789775220271
040 _aSA-JeALM
_bara
_cSA-RiAUC
_erda
043 _aa-sy---
082 0 _a247.709532
_qSA-RiAUC
090 _a247.709532
_b م ر ك
110 2 _aمركز العصر للدراسات الاستراتيجية والمستقبلية (لندن)
_eمؤلف.
245 1 2 _aالزيدية المعاصرة في اليمن :‏
_bدراسات محكمة /‏
_cمركز العصر للدراسات الاستراتيجية والمستقبلية.
250 _aالطبعة الأولى.
264 1 _aلندن :‏
_bمركز العصر للدراسات الاستراتيجية والمستقبلية،‏
_c2012
300 _a145 صفحة ؛‏
_c15 سم
336 _aنص
_btxt
_2rdacontent
_3كتاب
337 _aبدون وسيط
_bn
_2rdamedia
338 _aمجلد
_bnc
_2rdacarrier
650 7 _aالزيدية (فرقة إسلامية)
_zاليمن
_2aucsh
942 _2ddc
_cBOOK
_n0
949 _aSA-JeALM
_d250925
_umohamedma123
_n1
999 _c12379
_d12379